[Event "LXXI C.to Italiano"]
[Site "Perugia ITA"]
[Date "2011.12.05"]
[Round "6"]
[White "Ortega, Lexy"]
[Black "Godena, Michele"]
[WhiteElo "2478"]
[BlackElo "2548"]
[Result "1-0"]
[PlyCount "85"]
[EventDate "2011.11.30"]

1. Nf3 d5 2. d4 e6 3. c4 a6 4. cxd5 exd5 5. Nc3 c6 6. Qc2 Bd6 7. e4 dxe4 8.
Nxe4 Nf6 9. Nxd6+ Qxd6 10. Bd3 O-O 11. O-O Bg4 12. Ne5 Qxd4 13. Nc4 Rd8 14. Be2
Bxe2 15. Qxe2 Nbd7 16. Rd1 Qc5 17. b3 Re8 18. Qc2 Qh5 19. Bb2 Re2 20. Qc3 Rxf2
21. Qg3 Re2 22. Rxd7 Rxb2 23. Rxb7 Re2 24. Rf1 Rae8 25. h3 Qg6 26. Qxg6 hxg6
27. Rf2 Re1+ 28. Kh2 R8e2 29. Rxe2 Rxe2 30. Nd6 g5 31. Nxf7 g4 32. Ng5 gxh3 33.
Rb8+ Re8 34. Rxe8+ Nxe8 35. Kxh3 Nd6 36. Kg4 c5 37. Kf4 c4 38. Ne4 cxb3 39.
axb3 Nb5 40. Ke5 Kf8 41. Nc5 a5 42. Nb7 Kf7 43. Nd6+ 1-0

[Event "LXXI C.to Italiano"]
[Site "Perugia ITA"]
[Date "2011.12.05"]
[Round "6"]
[White "Rombaldoni, Axel"]
[Black "Dvirnyy, Danyyil"]
[WhiteElo "2459"]
[BlackElo "2475"]
[Result "1/2-1/2"]
[PlyCount "62"]
[EventDate "2011.11.30"]

1. e4 e6 2. d4 d5 3. Nd2 dxe4 4. Nxe4 Nd7 5. Nf3 Ngf6 6. Nxf6+ Nxf6 7. Bc4 c5
8. O-O cxd4 9. Qe2 a6 10. Rd1 Bc5 11. Nxd4 Qc7 12. Bg5 O-O 13. Rd3 Kh8 14. c3
e5 15. Bxf6 gxf6 16. Nf3 Rg8 17. Rad1 Bh3 18. Ng5 Rxg5 19. Rxh3 Rag8 20. Bd5 f5
21. Rh5 e4 22. Rxg5 Rxg5 23. Bb3 e3 24. fxe3 f4 25. Qf3 Re5 26. Kf1 Rxe3 27.
Qd5 f3 28. Qd8+ Qxd8 29. Rxd8+ Kg7 30. Rd7 fxg2+ 31. Kxg2 Re7 1/2-1/2

[Event "LXXI C.to Italiano"]
[Site "Perugia ITA"]
[Date "2011.12.05"]
[Round "6"]
[White "Rombaldoni, Denis"]
[Black "Bruno, Fabio"]
[WhiteElo "2533"]
[BlackElo "2437"]
[Result "0-1"]
[PlyCount "90"]
[EventDate "2011.11.30"]

1. d4 e6 2. c4 f5 3. g3 Nf6 4. Bg2 c6 5. Nf3 d5 6. O-O Bd6 7. Nc3 b6 8. Qc2 O-O
9. Rb1 Bb7 10. cxd5 cxd5 11. Nb5 Nc6 12. Nxd6 Qxd6 13. Bf4 Qe7 14. Rfc1 Rfc8
15. Qd1 a5 16. Ne5 Nxe5 17. Bxe5 Ba6 18. f3 Nd7 19. Bf4 Nf6 20. Qd2 a4 21. Kf2
h6 22. h4 Kh7 23. Bh3 Bc4 24. b3 axb3 25. axb3 Bb5 26. Qe3 Rxc1 27. Rxc1 Ra7
28. Rc2 Kg6 29. Bb8 Rb7 30. Be5 Kf7 31. Qf4 g5 32. Qc1 Nd7 33. hxg5 hxg5 34.
Rc8 Nxe5 35. dxe5 Bd7 36. Rc2 Kg6 37. Qa1 Kf7 38. Rc1 Be8 39. Rh1 Qc5+ 40. Kf1
Rc7 41. Kg2 Qe3 42. Bxf5 Qxe2+ 43. Kg1 Qe3+ 44. Kg2 Qd2+ 45. Kh3 exf5 0-1

[Event "LXXI C.to Italiano"]
[Site "Perugia ITA"]
[Date "2011.12.07"]
[Round "7"]
[White "Bruno, Fabio"]
[Black "Brunello, Sabino"]
[WhiteElo "2437"]
[BlackElo "2575"]
[Result "0-1"]
[PlyCount "68"]
[EventDate "2011.11.30"]

1. d4 Nf6 2. Nf3 e6 3. e3 c5 4. Bd3 d5 5. c3 Nc6 6. Nbd2 Bd6 7. O-O O-O 8. Qe2
Nd7 9. c4 Re8 10. a3 cxd4 11. exd4 e5 12. cxd5 Nxd4 13. Qd1 Nc5 14. Ne4 Bg4 15.
Bg5 Qd7 16. Be3 Nxe4 17. Bxe4 f5 18. Bd3 Nxf3+ 19. gxf3 Bh3 20. Re1 f4 21. Bd2
Rf8 22. Kh1 Rf6 23. Rg1 Rh6 24. Qe2 Qe7 25. Rg4 Bxg4 26. fxg4 f3 27. Qe4 Rh4
28. Qxf3 Rxh2+ 29. Kg1 Rf8 30. Bf5 e4 31. Qxe4 Qxe4 32. Bxe4 Rfxf2 33. Bc3 Bc5
34. b4 Rfg2+ 0-1

[Event "LXXI C.to Italiano"]
[Site "Perugia ITA"]
[Date "2011.12.07"]
[Round "7"]
[White "Caprio, Guido"]
[Black "Rombaldoni, Axel"]
[WhiteElo "2354"]
[BlackElo "2459"]
[Result "1/2-1/2"]
[PlyCount "159"]
[EventDate "2011.11.30"]

1. d4 Nf6 2. c4 g6 3. Nc3 d5 4. Nf3 Bg7 5. cxd5 Nxd5 6. Na4 Bf5 7. Nh4 Bc8 8.
e4 Nb4 9. a3 Qxd4 10. Nc3 Qxd1+ 11. Kxd1 N4a6 12. Be3 O-O 13. Bc4 c6 14. Nf3 b6
15. Kc2 Nd7 16. Rad1 b5 17. Be2 Nac5 18. Nd4 Bxd4 19. Rxd4 Ne6 20. Rd2 f5 21.
exf5 gxf5 22. f4 a5 23. Bf3 Ra6 24. Re1 Nf6 25. g3 Kf7 26. Bf2 Rd8 27. Rxd8
Nxd8 28. h3 Ne6 29. Re5 h5 30. a4 b4 31. Ne2 c5 32. Rxf5 Bd7 33. Bxh5+ Kf8 34.
Bf3 Bxa4+ 35. b3 Bc6 36. Bxc6 Rxc6 37. g4 Kg7 38. Re5 Nd7 39. Re4 Kf7 40. Bh4
Nf6 41. Bxf6 exf6 42. Rc4 Nd8 43. f5 Nb7 44. Nd4 Rc8 45. Ne6 Ke7 46. h4 a4 47.
bxa4 Kd6 48. g5 Kd5 49. Kd3 b3 50. gxf6 b2 51. Nf4+ Ke5 52. Kc2 Kxf6 53. Nd3
Kxf5 54. Kxb2 Ke6 55. Kc3 Nd6 56. Rf4 c4 57. Nf2 Ke5 58. Rd4 Rf8 59. Ng4+ Ke6
60. h5 Rf3+ 61. Kb4 c3 62. Kb3 Rh3 63. h6 Nb7 64. Kc2 Na5 65. Rf4 Kd6 66. Re4
Kd5 67. h7 Nc4 68. Nf6+ Kc5 69. Re8 Na3+ 70. Kb3 c2+ 71. Kb2 Rh1 72. Rc8+ Kb4
73. Nd5+ Kxa4 74. Ra8+ Kb5 75. Nc3+ Kc6 76. Ne2 Nc4+ 77. Kb3 Rxh7 78. Kxc4 Rh1
79. Kd3 Kb7 80. Rg8 1/2-1/2

[Event "LXXI C.to Italiano"]
[Site "Perugia ITA"]
[Date "2011.12.07"]
[Round "7"]
[White "Dvirnyy, Danyyil"]
[Black "Genocchio, Daniele"]
[WhiteElo "2475"]
[BlackElo "2440"]
[Result "1/2-1/2"]
[PlyCount "38"]
[EventDate "2011.11.30"]

1. e4 c5 2. Nf3 Nc6 3. d4 cxd4 4. Nxd4 d5 5. Bb5 dxe4 6. Nxc6 Qxd1+ 7. Kxd1 a6
8. Ba4 Bd7 9. Nc3 Bxc6 10. Bxc6+ bxc6 11. Nxe4 f5 12. Ng5 e5 13. Re1 Bd6 14. c3
Nf6 15. Kc2 O-O 16. Rd1 Be7 17. Re1 Bd6 18. Rd1 Be7 19. Re1 Bd6 1/2-1/2

[Event "LXXI C.to Italiano"]
[Site "Perugia ITA"]
[Date "2011.12.07"]
[Round "7"]
[White "Godena, Michele"]
[Black "Codenotti, Marco"]
[WhiteElo "2548"]
[BlackElo "2293"]
[Result "1/2-1/2"]
[PlyCount "61"]
[EventDate "2011.11.30"]

1. e4 c5 2. Nf3 d6 3. Bc4 Nf6 4. d3 Nc6 5. O-O g6 6. h3 Bg7 7. Nc3 O-O 8. a3 a6
9. Be3 b5 10. Ba2 Bb7 11. Qd2 Rc8 12. Bh6 Nd4 13. Nxd4 Bxh6 14. Qxh6 cxd4 15.
Ne2 e5 16. Rac1 Kh8 17. Qg5 Nh5 18. Qxd8 Rcxd8 19. c3 dxc3 20. Rxc3 d5 21. Rc7
Ba8 22. Nc3 Nf4 23. exd5 Nxd5 24. Bxd5 Bxd5 25. Re1 Be6 26. Ra7 Rxd3 27. Rxa6
Bc4 28. Rb6 Rd2 29. b4 Ra8 30. Ra1 Rb2 31. Nxb5 1/2-1/2

[Event "LXXI C.to Italiano"]
[Site "Perugia ITA"]
[Date "2011.12.08"]
[Round "8"]
[White "Genocchio, Daniele"]
[Black "Caprio, Guido"]
[WhiteElo "2440"]
[BlackElo "2354"]
[Result "1/2-1/2"]
[PlyCount "125"]
[EventDate "2011.11.30"]

1. d4 Nf6 2. c4 e6 3. Nc3 Bb4 4. e3 c5 5. Bd3 O-O 6. Nge2 d5 7. cxd5 Nxd5 8. a3
Ba5 9. O-O cxd4 10. exd4 Nc6 11. Be4 Nce7 12. Qd3 Ng6 13. Bd2 Nde7 14. Rad1 f5
15. Bf3 Ne5 16. Qe3 Nc4 17. Qg5 Nxb2 18. Rb1 Nc4 19. Bc1 Nc6 20. Qg3 Nxd4 21.
Nxd4 Qxd4 22. Nb5 Qc5 23. Bh6 Qe7 24. Rfc1 Nd2 25. Bxd2 Bxd2 26. Rc7 Qf6 27.
Bxb7 Rb8 28. Bxc8 Rfxc8 29. Rxc8+ Rxc8 30. Nxa7 Qb2 31. Rf1 Rc1 32. Qd6 Rxf1+
33. Kxf1 Qc1+ 34. Ke2 Qe1+ 35. Kd3 Ba5 36. Kc4 Qe2+ 37. Kb3 Kf7 38. Nc6 Qb5+
39. Nb4 Qf1 40. Qd7+ Kf6 41. Qd4+ Kg6 42. g3 Qe2 43. Ka4 Bc7 44. Qc5 Be5 45.
Ka5 Bf6 46. Nc6 Kh5 47. h3 Qf3 48. Kb6 Qb3+ 49. Qb4 Qf3 50. Qc5 Qb3+ 51. Kc7
Bb2 52. Qe7 Bf6 53. Qb4 Qf3 54. Qc5 Qd1 55. Qc4 Qf3 56. Qc5 Qe4 57. Kd7 Bb2 58.
Kd6 Qd3+ 59. Kxe6 Bxa3 60. Qxf5+ Qxf5+ 61. Kxf5 Bc5 62. f3 Bf2 63. g4+ 1/2-1/2

[Event "LXXI C.to Italiano"]
[Site "Perugia ITA"]
[Date "2011.12.08"]
[Round "8"]
[White "Ortega, Lexy"]
[Black "Dvirnyy, Danyyil"]
[WhiteElo "2478"]
[BlackElo "2475"]
[Result "0-1"]
[PlyCount "110"]
[EventDate "2011.11.30"]

1. Nf3 Nf6 2. d4 g6 3. Bf4 Bg7 4. e3 d6 5. h3 O-O 6. Be2 b6 7. O-O Bb7 8. a4 a6
9. c3 Nbd7 10. Nbd2 Qe8 11. Nc4 Ne4 12. Nfd2 e5 13. Bh2 Nxd2 14. Nxd2 Qe7 15.
dxe5 dxe5 16. Bf3 Bxf3 17. Qxf3 Nc5 18. Ne4 Nb3 19. Rad1 Rad8 20. Qe2 f5 21.
Qc4+ Qf7 22. Qxf7+ Kxf7 23. Ng5+ Ke7 24. Nf3 Ke6 25. Ng5+ Ke7 26. Nf3 e4 27.
Nd4 Bxd4 28. exd4 Kd7 29. f3 e3 30. Rd3 f4 31. Re1 Nd2 32. d5 g5 33. h4 h6 34.
Rd4 c5 35. Rxd2 exd2 36. Rd1 c4 37. hxg5 hxg5 38. Rxd2 Kd6 39. g3 Kc5 40. Kg2
Rxd5 41. Bg1+ Kc6 42. Re2 Rfd8 43. Bd4 Rxd4 44. cxd4 Rxd4 45. gxf4 gxf4 46. Kh3
b5 47. axb5+ axb5 48. Kg4 b4 49. Kf5 c3 50. b3 Rd2 51. Re4 Kc5 52. Rc4+ Kb5 53.
Kxf4 Rb2 54. Rc8 Rxb3 55. Rb8+ Kc4 0-1

[Event "LXXI C.to Italiano"]
[Site "Perugia ITA"]
[Date "2011.12.08"]
[Round "8"]
[White "Rombaldoni, Axel"]
[Black "Bruno, Fabio"]
[WhiteElo "2459"]
[BlackElo "2437"]
[Result "1/2-1/2"]
[PlyCount "145"]
[EventDate "2011.11.30"]

1. e4 e6 2. d4 d5 3. Nc3 Nf6 4. e5 Nfd7 5. f4 c5 6. Nf3 Nc6 7. Be3 a6 8. Qd2 b5
9. Be2 Qb6 10. Nd1 a5 11. O-O Ba6 12. f5 cxd4 13. Nxd4 Nxd4 14. Bxd4 Qxd4+ 15.
Qxd4 Bc5 16. c3 Ke7 17. Ne3 Bxd4 18. cxd4 Rhc8 19. a3 b4 20. Bxa6 Rxa6 21. axb4
a4 22. fxe6 fxe6 23. Rf3 Rb8 24. Raf1 Rf8 25. Rxf8 Nxf8 26. Ra1 Nd7 27. Kf2 Ra8
28. Ke2 Nb6 29. Rc1 Kd7 30. Rf1 Ke7 31. Rc1 Kd7 32. Rc3 Rb8 33. Rc5 h5 34. h4
Na8 35. Ra5 Nc7 36. Rxa4 Kc6 37. g3 g5 38. hxg5 Rg8 39. b5+ Kb6 40. Ng2 Rxg5
41. Kf3 Kxb5 42. Ra7 Ne8 43. Nf4 Ng7 44. Rb7+ Kc6 45. Rf7 Kb5 46. Rb7+ Kc6 47.
Rb8 Nf5 48. Nxe6 Rg4 49. Rh8 Nxd4+ 50. Nxd4+ Rxd4 51. Rxh5 Rb4 52. Rh6+ Kc5 53.
Rh2 Rb3+ 54. Kf4 d4 55. Re2 d3 56. Rd2 Kd4 57. e6 Rb8 58. g4 Rf8+ 59. Kg5 Rg8+
60. Kf5 Rf8+ 61. Kg6 Rg8+ 62. Kf7 Rxg4 63. e7 Rf4+ 64. Ke6 Re4+ 65. Kd7 Ke3 66.
Rd1 Ke2 67. Rh1 Rd4+ 68. Kc7 Re4 69. Kd6 d2 70. b4 Kd3 71. Kd7 Rd4+ 72. Kc6
Rc4+ 73. Kd7 1/2-1/2

[Event "LXXI C.to Italiano"]
[Site "Perugia ITA"]
[Date "2011.12.08"]
[Round "8"]
[White "Rombaldoni, Denis"]
[Black "Brunello, Sabino"]
[WhiteElo "2533"]
[BlackElo "2575"]
[Result "1/2-1/2"]
[PlyCount "134"]
[EventDate "2011.11.30"]

1. d4 d5 2. c4 c6 3. Nc3 Nf6 4. Nf3 dxc4 5. a4 a5 6. Ne5 Be6 7. e4 Nbd7 8. Nxc4
Bxc4 9. Bxc4 e5 10. Be3 Bb4 11. f3 exd4 12. Bxd4 Qe7 13. Qc2 O-O 14. O-O Ne5
15. Be2 Rfd8 16. Bf2 Bc5 17. Rfd1 Bxf2+ 18. Kxf2 Qc5+ 19. Kf1 Nfd7 20. Rac1 Nb6
21. b3 Ng6 22. g3 Nf8 23. Rxd8 Rxd8 24. Rd1 Rd4 25. Rxd4 Qxd4 26. Nd1 Ne6 27.
Qc3 Qxc3 28. Nxc3 Nd4 29. Bd1 Nd7 30. Na2 Nc5 31. Nc1 f5 32. exf5 Nxf5 33. Kf2
Kf7 34. h4 h6 35. h5 Ke6 36. g4 Ne7 37. f4 Nd5 38. Kf3 Kf6 39. Kg3 Ne4+ 40. Kf3
Nc5 41. Kg3 b5 42. axb5 cxb5 43. Kf3 a4 44. bxa4 bxa4 45. Bxa4 Nxa4 46. Nd3
Nab6 47. Nf2 Nd7 48. g5+ hxg5 49. Ng4+ Ke6 50. fxg5 Nf8 51. g6 Nxg6 52. hxg6
Kf5 53. Nf2 Nf6 54. Nd3 Kxg6 55. Kf4 Nd7 56. Nf2 Kh5 57. Ne4 Kh4 58. Kf5 Nf8
59. Ng5 g6+ 60. Kf4 Kh5 61. Nf3 Ne6+ 62. Kg3 Nc5 63. Ne5 g5 64. Nf3 Ne4+ 65.
Kg2 g4 66. Nh2 g3 67. Nf1 Kg4 1/2-1/2

[Event "LXXI C.to Italiano"]
[Site "Perugia ITA"]
[Date "2011.12.09"]
[Round "9"]
[White "Brunello, Sabino"]
[Black "Rombaldoni, Axel"]
[WhiteElo "2575"]
[BlackElo "2459"]
[Result "1/2-1/2"]
[PlyCount "126"]
[EventDate "2011.11.30"]

1. Nf3 b6 2. g3 Bb7 3. Bg2 f5 4. O-O Nf6 5. d3 e6 6. c4 Be7 7. Nc3 O-O 8. Re1
Qe8 9. Bf4 d6 10. e4 e5 11. Be3 fxe4 12. Ng5 Qg6 13. Ngxe4 Nxe4 14. dxe4 c5 15.
Nd5 Nc6 16. f4 Bd8 17. f5 Qe8 18. Rf1 Nd4 19. Rf2 b5 20. Nc3 a6 21. Qg4 Bf6 22.
h4 b4 23. Nd5 Bxd5 24. exd5 e4 25. Re1 Ra7 26. Bg5 Re7 27. Bxf6 Rxf6 28. Rxe4
Re5 29. Kh2 g6 30. h5 Nxf5 31. hxg6 hxg6 32. Qg5 Kg7 33. Ref4 Rf7 34. Bh3 Qe7
35. Qg4 Nh6 36. Rxf7+ Nxf7 37. Qf4 Re2 38. Be6 Rxf2+ 39. Qxf2 Ne5 40. Qe2 Qg5
41. Kg2 Qc1 42. b3 a5 43. Bg4 a4 44. bxa4 Qa3 45. Bd7 Kf8 46. Bb5 Ke7 47. Kh3
Qc1 48. Kg2 Qb1 49. a5 Kd8 50. Qf2 Qe4+ 51. Kf1 Nf3 52. Qe2 Ng5 53. Qxe4 Nxe4
54. Kg2 Nc3 55. Kf3 Nxa2 56. Ba4 Nc1 57. Bc2 g5 58. Kg4 b3 59. Bh7 Ne2 60. Kxg5
Nxg3 61. Kf6 Kc7 62. Ke7 Nf1 63. a6 Nd2 1/2-1/2

[Event "LXXI C.to Italiano"]
[Site "Perugia ITA"]
[Date "2011.12.09"]
[Round "9"]
[White "Bruno, Fabio"]
[Black "Genocchio, Daniele"]
[WhiteElo "2437"]
[BlackElo "2440"]
[Result "1-0"]
[PlyCount "157"]
[EventDate "2011.11.30"]

1. Nf3 g6 2. g3 Bg7 3. Bg2 e5 4. c4 c6 5. d4 e4 6. Ng5 d5 7. Nc3 h6 8. Nh3 g5
9. Ng1 Ne7 10. e3 Be6 11. h4 gxh4 12. Rxh4 Nd7 13. Rh1 a6 14. Nh3 Ng6 15. cxd5
cxd5 16. Qb3 b5 17. Ne2 h5 18. Nhf4 Nxf4 19. Nxf4 h4 20. Bd2 hxg3 21. Rxh8+
Bxh8 22. fxg3 Qg5 23. O-O-O Rc8+ 24. Kb1 Nb6 25. Bxe4 Nc4 26. Nxe6 fxe6 27. Bc2
Qxg3 28. Bc1 Bf6 29. Qd3 Nd6 30. Rf1 Ne4 31. a4 Qg2 32. Bb3 Rc4 33. axb5 axb5
34. Bd1 Bg5 35. Qe2 Rxc1+ 36. Kxc1 Bxe3+ 37. Kc2 Qxe2+ 38. Bxe2 b4 39. Kd3 Bg5
40. Bg4 Ke7 41. Bf3 Nd2 42. Rf2 Nc4 43. Re2 Kf6 44. Bg2 Nd6 45. b3 Bh4 46. Bf3
Bg3 47. Bg2 Nb5 48. Re3 Bf4 49. Rf3 e5 50. dxe5+ Kxe5 51. Rh3 Nc3 52. Rh8 Kd6
53. Ra8 Kc5 54. Rf8 Bg3 55. Rg8 Bc7 56. Rg6 Be5 57. Rg5 Bf4 58. Rf5 Bg3 59.
Bxd5 Bd6 60. Bf3+ Kb6 61. Rh5 Nb5 62. Kc4 Nc7 63. Rh6 Nb5 64. Bh5 Ka5 65. Be2
Nc3 66. Rxd6 Nxe2 67. Rd5+ Kb6 68. Kxb4 Kc6 69. Kc4 Ng3 70. Rc5+ Kb6 71. Re5
Nf1 72. Re6+ Kc7 73. Kb5 Nd2 74. b4 Nf3 75. Re7+ Kd6 76. Re4 Ng5 77. Re3 Nf7
78. Kb6 Kd5 79. Re7 1-0

[Event "LXXI C.to Italiano"]
[Site "Perugia ITA"]
[Date "2011.12.09"]
[Round "9"]
[White "Caprio, Guido"]
[Black "Ortega, Lexy"]
[WhiteElo "2354"]
[BlackElo "2478"]
[Result "1-0"]
[PlyCount "75"]
[EventDate "2011.11.30"]

1. e4 e5 2. Bc4 Nf6 3. Nc3 Bc5 4. d3 d6 5. f4 Ng4 6. f5 h5 7. Nf3 Nf2 8. Qe2
Nxh1 9. Bg5 f6 10. Be3 Bxe3 11. Qxe3 b5 12. Bxb5+ c6 13. Ba4 Qb6 14. d4 Nd7 15.
O-O-O Bb7 16. Rxh1 O-O-O 17. Rd1 Rhe8 18. Bb3 Re7 19. Qd2 exd4 20. Nxd4 Nc5 21.
Ne6 Nxe6 22. Bxe6+ Kb8 23. Qf4 Qc5 24. Ne2 g5 25. Qf3 Qe5 26. Nd4 c5 27. Nb5
Bxe4 28. Qa3 Qf4+ 29. Kb1 Qf2 30. Ka1 Qxc2 31. Bb3 Qxg2 32. Qa5 Rdd7 33. Nxa7
Ba8 34. Qb6+ Bb7 35. Be6 Qf3 36. Rc1 Rc7 37. Nb5 Qc6 38. Qa7# 1-0

[Event "LXXI C.to Italiano"]
[Site "Perugia ITA"]
[Date "2011.12.09"]
[Round "9"]
[White "Dvirnyy, Danyyil"]
[Black "Codenotti, Marco"]
[WhiteElo "2475"]
[BlackElo "2293"]
[Result "1-0"]
[PlyCount "57"]
[EventDate "2011.11.30"]

1. e4 c5 2. Nf3 d6 3. d4 Nf6 4. Nc3 cxd4 5. Nxd4 a6 6. Bg5 Nbd7 7. f4 Qc7 8.
Qe2 e5 9. Nf5 h6 10. fxe5 dxe5 11. Bd2 Nc5 12. Qf3 Qc6 13. Bd3 Nxd3+ 14. cxd3
Bxf5 15. Qxf5 Qe6 16. Rf1 Rd8 17. Ke2 Bc5 18. Rac1 Bd4 19. Qxe6+ fxe6 20. Na4
Nd7 21. Bb4 b5 22. Rc6 Nf6 23. Nc5 Bxc5 24. Bxc5 Kf7 25. Bd6 Rd7 26. Bxe5 b4
27. Bd6 Rhd8 28. Bxb4 Rxd3 29. Ba5 1-0

[Event "LXXI C.to Italiano"]
[Site "Perugia ITA"]
[Date "2011.12.09"]
[Round "9"]
[White "Godena, Michele"]
[Black "Rombaldoni, Denis"]
[WhiteElo "2548"]
[BlackElo "2533"]
[Result "0-1"]
[PlyCount "120"]
[EventDate "2011.11.30"]

1. e4 c6 2. d3 d5 3. Nd2 g6 4. Ngf3 Bg7 5. g3 e5 6. Bg2 Ne7 7. O-O O-O 8. Re1
d4 9. c3 dxc3 10. Nc4 Be6 11. Ncxe5 Bxe5 12. Nxe5 Qd4 13. Nc4 Rd8 14. bxc3 Qxc3
15. Bg5 Rxd3 16. Qb1 Rd7 17. Rc1 Qg7 18. e5 Nd5 19. Bxd5 Bxd5 20. Bf6 Qh6 21.
Ne3 Be6 22. Qb2 b6 23. a4 Qf8 24. a5 b5 25. a6 Rc7 26. Nc2 Nd7 27. Nd4 Bd5 28.
Qd2 Nxf6 29. exf6 Rd7 30. Re1 h6 31. Re5 b4 32. Rae1 c5 33. Re7 Rad8 34. Rxd7
Rxd7 35. Nf3 Bc6 36. Qf4 Bxf3 37. Qxf3 Qd6 38. Qa8+ Kh7 39. Qe8 b3 40. Re7 Qd1+
41. Kg2 Qd5+ 42. f3 Rxe7 43. Qxe7 Qe6 44. Qb7 h5 45. h4 b2 46. Qxb2 Qxa6 47.
Qe5 Qa2+ 48. Kg1 Qb1+ 49. Kg2 Qc2+ 50. Kg1 Qc1+ 51. Kg2 Qd2+ 52. Kf1 Qd3+ 53.
Kg2 Qc2+ 54. Kg1 Qc4 55. Qe7 a5 56. Kh2 a4 57. Qa7 Qa2+ 58. Kg1 Qa1+ 59. Kg2
Qb2+ 60. Kh3 Qxf6 0-1

[Event "LXXI C.to Italiano"]
[Site "Perugia ITA"]
[Date "2011.12.10"]
[Round "10"]
[White "Genocchio, Daniele"]
[Black "Brunello, Sabino"]
[WhiteElo "2440"]
[BlackElo "2575"]
[Result "0-1"]
[PlyCount "64"]
[EventDate "2011.11.30"]

1. e4 c6 2. d3 d5 3. Nd2 e5 4. Ngf3 Bd6 5. g3 Nf6 6. Bg2 O-O 7. O-O Re8 8. b3
a5 9. a3 Na6 10. Bb2 d4 11. h3 a4 12. b4 c5 13. bxc5 Nxc5 14. Nh2 Ne6 15. Ndf3
Ra6 16. Nh4 g6 17. Bc1 b5 18. Bd2 Bd7 19. c3 Qc8 20. cxd4 Nxd4 21. f4 exf4 22.
gxf4 Nb3 23. f5 Qc5+ 24. Kh1 Qe5 25. N2f3 Qxa1 26. Qxa1 Nxa1 27. Rxa1 Nh5 28.
Kg1 gxf5 29. Nxf5 Bxf5 30. exf5 Rc6 31. Nd4 Rb6 32. Nc6 Re2 0-1

[Event "LXXI C.to Italiano"]
[Site "Perugia ITA"]
[Date "2011.12.10"]
[Round "10"]
[White "Godena, Michele"]
[Black "Mogranzini, Roberto"]
[WhiteElo "2548"]
[BlackElo "2469"]
[Result "1-0"]
[PlyCount "79"]
[EventDate "2011.11.30"]

1. e4 e6 2. d4 d5 3. exd5 exd5 4. Nf3 Nc6 5. h3 Bd6 6. c4 Bb4+ 7. Nc3 Nf6 8. a3
Be7 9. Bd3 O-O 10. O-O h6 11. cxd5 Nxd5 12. Bc2 Be6 13. Re1 Nf6 14. Qd3 Qd6 15.
Ne4 Nxe4 16. Qxe4 g6 17. Bxh6 Bd5 18. Qe3 Rfe8 19. Bf4 Qf6 20. Be5 Nxe5 21.
dxe5 Qe6 22. Be4 Red8 23. Rad1 c5 24. Bxd5 Rxd5 25. Rxd5 Qxd5 26. Qh6 Bf8 27.
Qh4 Bg7 28. e6 f6 29. Qg3 Re8 30. Qc7 Rxe6 31. Qc8+ Kf7 32. Rxe6 Qxe6 33. Qxb7+
Qe7 34. Qd5+ Kf8 35. Qa8+ Kf7 36. Qd5+ Kf8 37. Nh4 Qe1+ 38. Kh2 Qxf2 39. Nxg6+
Ke8 40. Qg8+ 1-0

[Event "LXXI C.to Italiano"]
[Site "Perugia ITA"]
[Date "2011.12.10"]
[Round "10"]
[White "Rombaldoni, Denis"]
[Black "Rombaldoni, Axel"]
[WhiteElo "2533"]
[BlackElo "2459"]
[Result "1-0"]
[PlyCount "119"]
[EventDate "2011.11.30"]

1. d4 e6 2. c4 b6 3. a3 Bb7 4. Nc3 f5 5. Nf3 Nf6 6. g3 Ne4 7. Bd2 g6 8. Bg2 Bg7
9. Rc1 O-O 10. O-O c5 11. dxc5 bxc5 12. Nxe4 Bxe4 13. Bc3 Qe7 14. Bxg7 Kxg7 15.
Ne5 Bxg2 16. Kxg2 d6 17. Nf3 Nc6 18. Qd2 Rab8 19. Rfd1 Rfd8 20. Kg1 Qf6 21. Rc2
e5 22. Rc3 Rb6 23. Ne1 Nd4 24. e3 Ne6 25. Rd3 e4 26. Qa5 Qe7 27. R3d2 Ng5 28.
b4 Rc8 29. b5 Nf7 30. Rd5 h5 31. a4 Rbb8 32. h4 Rd8 33. Kf1 Ne5 34. Qc3 Kf7 35.
Ng2 Nd3 36. Qd2 Rd7 37. Nf4 Nxf4 38. exf4 Rbd8 39. Kg2 Qe6 40. Kh2 Qf6 41. Qc1
Qe6 42. R1d2 Re8 43. Qd1 Red8 44. a5 Qe7 45. b6 axb6 46. axb6 Qe6 47. Qb1 Rb7
48. Qb5 Qd7 49. Qa6 e3 50. fxe3 Qc6 51. Rxd6 Rxd6 52. Rxd6 Qf3 53. Qa2 Qxe3 54.
Qb2 Kg8 55. Rd8+ Kf7 56. Rh8 Qe4 57. Rh7+ Ke6 58. Rxb7 Qxb7 59. Qe5+ Kd7 60.
Qg7+ 1-0

[Event "LXXI C.to Italiano"]
[Site "Perugia ITA"]
[Date "2011.12.11"]
[Round "11"]
[White "Bruno, Fabio"]
[Black "Codenotti, Marco"]
[WhiteElo "2437"]
[BlackElo "2293"]
[Result "0-1"]
[PlyCount "106"]
[EventDate "2011.11.30"]

1. Nf3 Nf6 2. e3 g6 3. b4 Bg7 4. Bb2 O-O 5. Be2 d6 6. c4 e5 7. Nc3 e4 8. Nd4 c5
9. bxc5 dxc5 10. Nb3 b6 11. d4 cxd4 12. exd4 Bb7 13. O-O Re8 14. Bc1 Nc6 15.
Be3 Ne7 16. a4 Ba6 17. Nb5 Nf5 18. Qd2 h5 19. h3 Kh7 20. Nc1 Ng8 21. Nb3 Nge7
22. Rae1 Kg8 23. d5 Nxe3 24. fxe3 Nf5 25. N3d4 Nxd4 26. Nxd4 Rc8 27. Rd1 Qg5
28. Nc6 Bh6 29. Nxa7 Qxe3+ 30. Qxe3 Bxe3+ 31. Kh1 Bxc4 32. Nxc8 Bxe2 33. Nd6
Re7 34. Nb5 Bxf1 35. Rxf1 Bd2 36. Rf2 e3 37. Re2 Rd7 38. d6 f5 39. g3 Kf7 40.
Kg2 Ke6 41. Kf3 Kd5 42. Kf4 Kc4 43. h4 Kd3 44. Kf3 Rd8 45. Rg2 Bb4 46. Re2 Bd2
47. Rg2 Bb4 48. Re2 Bc5 49. Re1 Kc2 50. Rxe3 Bxe3 51. Kxe3 Kb3 52. Kd4 Kxa4 53.
Kc4 Ka5 0-1

[Event "LXXI C.to Italiano"]
[Site "Perugia ITA"]
[Date "2011.12.11"]
[Round "11"]
[White "Dvirnyy, Danyyil"]
[Black "Godena, Michele"]
[WhiteElo "2475"]
[BlackElo "2548"]
[Result "1/2-1/2"]
[PlyCount "23"]
[EventDate "2011.11.30"]

1. e4 e5 2. Nf3 Nc6 3. Bb5 a6 4. Ba4 Nf6 5. O-O b5 6. Bb3 Bc5 7. a4 Bb7 8. c3
d6 9. d4 Bb6 10. Bg5 h6 11. Bxf6 Qxf6 12. Bd5 1/2-1/2

[Event "LXXI C.to Italiano"]
[Site "Perugia ITA"]
[Date "2011.12.11"]
[Round "11"]
[White "Rombaldoni, Axel"]
[Black "Genocchio, Daniele"]
[WhiteElo "2459"]
[BlackElo "2440"]
[Result "0-1"]
[PlyCount "84"]
[EventDate "2011.11.30"]

1. e4 e5 2. Bc4 Nf6 3. d3 Nc6 4. Nf3 Be7 5. O-O O-O 6. Re1 d6 7. a4 a5 8. c3 h6
9. Nbd2 Nh7 10. Qb3 Ng5 11. Nxg5 Bxg5 12. Nf3 Bxc1 13. Raxc1 Qf6 14. Re3 Rb8
15. Rd1 Be6 16. d4 Bg4 17. Rd2 exd4 18. Nxd4 Qg5 19. Qc2 Ne5 20. Be2 Bd7 21.
Rg3 Qf4 22. Nf5 Bxf5 23. exf5 Qh4 24. Rd4 Qf6 25. h4 Rfe8 26. Re3 Re7 27. g3
Rbe8 28. Rf4 Nd7 29. Rfe4 Re5 30. f4 R5e7 31. Bf3 d5 32. Rxe7 Rxe7 33. Rxe7
Qxe7 34. Kg2 c6 35. Qb3 Nc5 36. Qc2 Qe3 37. Be2 Kf8 38. f6 gxf6 39. Bf1 Ne4 40.
Qd3 Qf2+ 41. Kh3 Qg1 42. Qa6 Nf2# 0-1